| 000 | 01176nam0a22002891 4500 | ||
|---|---|---|---|
| 001 | rc\890437 | ||
| 005 | 20250926162745.0 | ||
| 035 | _a(NLR Aleph) 006067194 | ||
| 090 |
_a4967413 _c4967413 |
||
| 100 | _a20041129d1984 u |0rusy50 ca | ||
| 101 | 0 | _arus | |
| 102 | _aRU | ||
| 105 | _aa ||||||||| | ||
| 200 | 1 |
_aВзаимодействие е± с фотонами в магнитосферах нейтронных звезд _fН.С. Кардашев, И.Г. Митрофанов, И.Д. Новиков |
|
| 210 |
_aМ. _cИКИ _d1984 |
||
| 215 |
_a30 с. _cил. _d29 |
||
| 225 | 1 |
_aАН СССР, Институт космических исследований _vПр-891 |
|
| 320 | _aБиблиогр.: с. 26 | ||
| 700 | 1 |
_aКардашев _bН. С. _f1932- _gНиколай Семенович |
|
| 701 | 1 |
_aМитрофанов _bИ. Г. _gИгорь Георгиевич |
|
| 701 | 1 |
_aНовиков _bИ. Д. _cд-р физ.-мат. наук, астрофизика _f1935- _gИгорь Дмитриевич _3RU\NLR\AUTH\7718952 |
|
| 801 | 0 |
_aRU _bNLR _gpsbo |
|
| 801 | 1 |
_aRU _bELAR _2rusmarc |
|
| 852 |
_aNLR _j84-8/1011 |
||
| 942 | _cBOOK | ||
| 980 | _aNB | ||